[Event "Ajedres"]
[Site "http://www.queenalice.com/game.php?id=864895"]
[Date "2010.11.28"]
[Round "-"]
[White "beto_fuentes"]
[Black "jamba"]
[Result "0-1"]
[WhiteElo "1145"]
[BlackElo "1359"]

1. d4 d5 2. e3 Nc6 3. Nf3 Bg4 4. h3 Bh5 5. g4 Bg6 6. Bg2 e6 7. Ng5 h6 8. Nf3 Nf6
9. Nc3 Bb4 10. a3 Ba5 11. b4 Bb6 12. b5 Na5 13. Ne5 Bh7 14. a4 Nc4 15. a5 Nxa5
16. Na4 Qd6 17. c3 O-O 18. Nd3 Bxd3 19. Qxd3 Nb3 20. Rb1 c5 21. Rxb3 c4 22. Qc2
cxb3 23. Qxb3 Rac8 24. Ba3 Qb8 25. Bxf8 Kxf8 26. Nxb6 axb6 27. O-O e5 28. dxe5
Qxe5 29. Qb4+ Rc5 30. Rc1 Ne4 31. Bxe4 dxe4 32. h4 g5 33. Qa4 gxh4 34. Qb4 Kg7
35. f4 Qd5 36. Kg2 Qd2+ 37. Kh3 Qxc1 38. Qd4+ f6 39. Qd7+ Kg6 40. Qd4 Qh1# 0-1

[Event "Challenge"]
[Site "http://www.queenalice.com/game.php?id=869120"]
[Date "2010.12.7"]
[Round "-"]
[White "Cosette"]
[Black "beto_fuentes"]
[Result "1-0"]
[WhiteElo "1507"]
[BlackElo "1227"]

1. e4 e5 2. Nf3 f6 3. Nc3 h6 4. Nh4 c5 5. Bc4 g5 6. Nf3 Nc6 7. Nb5 a6 8. Na3 d6
9. O-O Nge7 10. b3 Ng6 11. c3 Nf4 12. g3 Nh3+ 13. Kh1 Bg4 14. Be2 Ne7 15. c4 b6
16. Ng1 Bxe2 17. Qxe2 Nxg1 18. Kxg1 a5 19. Nb5 Ng6 20. d4 a4 21. b4 cxd4 22. Re1
h5 23. Qf3 g4 24. Qf5 Ne7 25. Qxf6 Rh6 26. Qg5 Nc6 27. Qf5 Nxb4 28. Bxh6 Bxh6
29. Qxh5+ Ke7 30. Qxh6 Nc2 31. Qg5+ Ke8 32. Qxg4 Nxa1 33. Rxa1 Rc8 34. Rd1 Rxc4
35. Rd3 Rc1+ 36. Kg2 Qd7 37. Qg8+ Ke7 38. Rf3 Qe6 39. Qg7+ Kd8 40. Rf8+ Qe8 41.
Nxd6 Qxf8 42. Qxf8+ Kd7 43. Qf6 d3 44. Nf7 Rd1 45. g4 d2 46. Qd6+ Ke8 47. Nxe5
b5 48. g5 a3 49. g6 b4 50. g7 b3 51. axb3 a2 52. g8=Q# 1-0

[Event "Challenge"]
[Site "http://www.queenalice.com/game.php?id=869121"]
[Date "2010.12.7"]
[Round "-"]
[White "beto_fuentes"]
[Black "Cosette"]
[Result "1/2-1/2"]
[WhiteElo "1168"]
[BlackElo "1507"]

1. d4 e6 2. Nf3 Nf6 3. Ne5 Qe7 4. a3 d6 5. Nf3 d5 6. c3 Ne4 7. Bf4 Nc6 8. Qa4
Bd7 9. Bxc7 Ne5 10. Qb3 Nc4 11. Qxb7 Rc8 12. Ne5 Ncd6 13. Nc6 Nxb7 14. Nxe7 Kxe7
15. Be5 f6 16. Bf4 g5 17. Be3 Na5 18. b4 Nc6 19. g3 a5 20. b5 Nd8 21. b6 a4 22.
f3 Nd6 23. f4 g4 24. Nd2 Rb8 25. Rb1 N8b7 26. h4 Na5 27. b7 Naxb7 28. Bg1 Rc8
29. e3 Rxc3 30. Ra1 f5 31. Nb1 Rc1+ 32. Kd2 Rxf1 33. Ke2 Rf3 34. Nd2 Rxg3 35.
Kf2 Rh3 36. Rxh3 gxh3 37. Kg3 Nd8 38. Kxh3 N8f7 39. Rb1 Rg8 40. Nf3 h5 41. Kh2
Ne4 42. Rb8 Rg3 43. Rb2 Rxf3 44. Kg2 Rg3+ 45. Kh2 Nh6 46. Bf2 Ng4+ 47. Kh1
Nexf2+ 48. Rxf2 Nxf2+ 49. Kh2 Rxe3 50. Kg2 Ng4 51. Kh1 Bb5 52. Kg2 1/2-1/2

[Event "Challenge"]
[Site "http://www.queenalice.com/game.php?id=869122"]
[Date "2010.12.7"]
[Round "-"]
[White "Cosette"]
[Black "beto_fuentes"]
[Result "1-0"]
[WhiteElo "1584"]
[BlackElo "1129"]

1. e4 e5 2. Nc3 Nf6 3. Nf3 d6 4. Bb5+ c6 5. Ba4 b5 6. Bb3 h5 7. Nh4 g6 8. a4 a6
9. axb5 axb5 10. Qe2 Ng4 11. d3 Qxh4 12. g3 Qh3 13. f3 Nf6 14. Bd2 Na6 15. Na2
Nd7 16. O-O-O h4 17. g4 Nac5 18. Kb1 Nxb3 19. cxb3 Nc5 20. Bg5 Nxb3 21. Qc2 Be6
22. Qxc6+ Bd7 23. Qxa8+ Bc8 24. Qxc8# 1-0

[Event "Challenge"]
[Site "http://www.queenalice.com/game.php?id=869123"]
[Date "2010.12.7"]
[Round "-"]
[White "beto_fuentes"]
[Black "Cosette"]
[Result "0-1"]
[WhiteElo "1172"]
[BlackElo "1504"]

1. d4 Nc6 2. c3 e6 3. e3 Nf6 4. Bd3 Ng4 5. h3 Nf6 6. a3 Na5 7. g4 d5 8. b4 Nc6
9. Bb5 Bd7 10. Nf3 Ne4 11. Nbd2 Nxc3 12. Qb3 Nxb5 13. a4 Nd6 14. b5 Na5 15. Qb4
b6 16. Ne5 f6 17. Nc6 Nxc6 18. bxc6 Bc8 19. Nf3 Ne4 20. Qb2 Qd6 21. Qc2 Qb4+ 22.
Bd2 Qd6 23. Nh4 g5 24. f3 Nxd2 25. Kxd2 Ba6 26. Ng2 Qb4+ 27. Qc3 Qxc3+ 28. Kxc3
Bc4 29. a5 b5 30. h4 Rb8 31. hxg5 b4+ 32. Kd2 b3 33. Kc1 b2+ 34. Kb1 bxa1=Q+ 35.
Kxa1 fxg5 36. Rh5 h6 37. Ne1 e5 38. Nc2 exd4 39. Nxd4 Bg7 40. Rh1 Rf8 41. a6
Bxd4+ 42. exd4 Rxf3 43. Rxh6 Ra3# 0-1

[Event "Challenge"]
[Site "http://www.queenalice.com/game.php?id=869775"]
[Date "2010.12.9"]
[Round "-"]
[White "Netuno"]
[Black "beto_fuentes"]
[Result "1-0"]
[WhiteElo "1614"]
[BlackElo "1172"]

1. e4 e5 2. Nf3 f6 3. Bc4 a6 4. Bxg8 Rxg8 5. d4 d6 6. dxe5 fxe5 7. Nc3 g6 8. O-O
Nc6 9. Nd5 b5 10. Ng5 Bh6 11. Nxh7 Bg7 12. Bg5 Ne7 13. Bxe7 Qd7 14. Nhf6+ Bxf6
15. Nxf6+ Kxe7 16. Nxd7 Bxd7 17. Qd3 Kd8 18. f4 exf4 19. Rxf4 g5 20. Rf7 Ke8 21.
Raf1 Rg6 22. Rf8+ Ke7 23. R1f7+ Ke6 24. Qd5# 1-0

[Event "Ajedrez"]
[Site "http://www.queenalice.com/game.php?id=871093"]
[Date "2010.12.12"]
[Round "-"]
[White "beto_fuentes"]
[Black "sirdal"]
[Result "1-0"]
[WhiteElo "1221"]
[BlackElo "1290"]

1. d4 d5 2. c3 c6 3. e3 e6 4. Nh3 Bd6 5. a4 Bd7 6. Na3 Nf6 7. Nf4 a6 8. h4 h5 9.
Qb3 g6 10. Qxb7 O-O 11. Qxa8 Ng4 12. b4 e5 13. dxe5 Bxe5 14. Ne2 Qc7 15. f3 Nh2
16. f4 Bxf4 17. exf4 Nxf1 18. Kxf1 f5 19. b5 axb5 20. axb5 c5 21. Qxd5+ Kh7 22.
Rb1 Rf6 23. b6 Qc6 24. Qe5 Qd6 25. b7 Qd1+ 26. Kf2 Qxh1 27. Qxf6 Qd1 28. Qd8 Nc6
29. Nd4 Nxd8 30. b8=Q Ne6 31. Nxe6 Bxe6 32. Be3 c4 33. Rxd1 Bg8 34. Rd7+ Bf7 35.
Rxf7+ Kh6 36. Qh8# 1-0

[Event "Ajedrez"]
[Site "http://www.queenalice.com/game.php?id=871368"]
[Date "2010.12.13"]
[Round "-"]
[White "beto_fuentes"]
[Black "roidechecs"]
[Result "0-1"]
[WhiteElo "1285"]
[BlackElo "1466"]

1. d4 d5 2. e3 Nc6 3. c3 e5 4. dxe5 Nxe5 5. g3 Qd6 6. e4 dxe4 7. f4 Nf3+ 8. Nxf3
Nf6 9. Ne5 Qxd1+ 10. Kxd1 Bd6 11. h4 Bxe5 12. fxe5 Ng4 13. Bg2 Nxe5 14. Bxe4 c6
15. a4 Ng4 16. Rf1 O-O 17. Nd2 Be6 18. Nf3 Rad8+ 19. Ke1 Rd6 20. Bg5 f6 21. Bf4
Rd7 22. Nd4 Bc4 23. Rh1 c5 24. Ne6 Bxe6 25. a5 Bd5 26. Rd1 Bxe4 27. Rxd7 Bxh1
28. Bd6 Re8+ 29. Kd2 Ne5 30. Re7 Rxe7 31. Bxe7 Nc4+ 32. Kc1 Nxa5 33. Bxc5 Nb3+
34. Kc2 Nxc5 35. b4 Ne4 36. g4 Nxc3 37. Kxc3 g5 38. hxg5 fxg5 39. Kc4 a6 40. Kb3
b6 41. Ka4 a5 42. bxa5 bxa5 43. Kxa5 Bf3 44. Kb4 Bxg4 45. Kc3 Bf5 46. Kd2 h5 47.
Ke2 Kg7 48. Kf3 Kg6 49. Kg3 h4+ 50. Kg2 g4 51. Kh2 Kg5 52. Kg2 Kf4 53. Kh2 g3+
54. Kg2 h3+ 55. Kg1 Be4 56. Kf1 h2 57. Ke1 h1=Q+ 58. Ke2 g2 59. Kd2 g1=Q 60. Kc3
Qf2 61. Kc4 Qd1 62. Kc3 Qfc2+ 63. Kb4 Qdb1+ 64. Ka5 Qca2# 0-1

[Event "Challenge"]
[Site "http://www.queenalice.com/game.php?id=873053"]
[Date "2010.12.17"]
[Round "-"]
[White "Cosette"]
[Black "beto_fuentes"]
[Result "0-1"]
[WhiteElo "1438"]
[BlackElo "1244"]

1. e4 e5 2. Qg4 Nf6 3. Be2 Nxg4 4. Bxg4 h5 5. Be2 d5 6. d3 dxe4 7. dxe4 Nc6 8.
Nc3 f6 9. Nd5 Nd4 10. c3 c6 11. Ne3 a5 12. Nh3 Nb5 13. O-O Be6 14. Rd1 Bd7 15.
Nc4 a4 16. Nd6+ Nxd6 17. a3 Nxe4 18. b4 Nxc3 19. Rd2 Bxh3 20. Rxd8+ Kxd8 21.
gxh3 Nxe2+ 22. Kf1 Nxc1 23. Rxc1 h4 24. Kg2 Rh5 25. Rd1+ Kc7 26. Rc1 Rg5+ 27.
Kf1 Rd8 28. Rb1 Rd3 29. Ke2 Rxh3 30. Rc1 Rxh2 31. Rf1 h3 32. b5 Bxa3 33. bxc6
Rh5 34. Ke3 Rg2 35. Kd3 h2 0-1

[Event "Challenge"]
[Site "http://www.queenalice.com/game.php?id=873054"]
[Date "2010.12.17"]
[Round "-"]
[White "beto_fuentes"]
[Black "Cosette"]
[Result "1-0"]
[WhiteElo "1258"]
[BlackElo "1430"]

1. d4 e6 2. c3 d5 3. e3 Nf6 4. a4 Ne4 5. Nf3 Qf6 6. Bb5+ Bd7 7. Ne5 c6 8. f3 Nd6
9. Bd3 Qh4+ 10. g3 Qe7 11. h4 h5 12. Nxd7 Nxd7 13. f4 f5 14. Nd2 Nb6 15. a5 Nd7
16. Nf3 b5 17. Ng5 Nf6 18. Qb3 Ng4 19. Qb4 a6 20. Qc5 Qc7 21. Nxe6 Qb8 22. Qxc6+
Kf7 23. Qxd5 Nf6 24. Qe5 b4 25. cxb4 Qxb4+ 26. Ke2 g6 27. Nc7 Rb8 28. Nxa6 Qb3
29. Nxb8 Qxb8 30. a6 Qa7 31. Qc5 Qxc5 32. dxc5 Nc8 33. c6 Bd6 34. a7 Nb6 35. Ra6
Bc7 36. Bc4+ Nxc4 37. a8=R Ne8 38. Rc8 Bb6 39. b3 Ncd6 40. Bb2 Rg8 41. Rb8 Bc5
42. Rc1 Ne4 43. Raa8 Nxg3+ 44. Kf3 Ne4 45. Rxe8 Rxe8 46. Rxe8 Kxe8 47. c7 Kd7
48. b4 Kxc7 49. bxc5 Kc6 50. Ba3 Nd2+ 51. Kg2 g5 52. fxg5 Ne4 53. g6 Nf6 54. Rd1
Kc7 55. Bb2 Ng8 56. Rd5 Kc6 57. Rxf5 Kb5 58. Rxh5 Kc6 59. e4 Kd7 60. e5 Kc7 61.
g7 Kc6 62. e6 Kc7 63. Rh8 Ne7 64. g8=Q Nxg8 65. Rxg8 Kc6 66. e7 Kxc5 67. e8=Q
Kb4 68. Qc6 Kb3 69. Bc1 Kb4 70. Rb8+ Ka5 71. Qa8# 1-0

[Event "Vizela"]
[Site "http://www.queenalice.com/game.php?id=875506"]
[Date "2010.12.23"]
[Round "-"]
[White "Ticovi"]
[Black "beto_fuentes"]
[Result "1-0"]
[WhiteElo "1574"]
[BlackElo "1262"]

1. e4 e5 2. Nf3 d6 3. Bc4 Be6 4. Bxe6 fxe6 5. d3 h5 6. Nc3 a5 7. a4 b6 8. Ng5
Rh6 9. Qf3 Rf6 10. Qxh5+ g6 11. Qh7 Qe7 12. Qxg8 Qg7 13. Qxg7 Bxg7 14. Nb5 Kd8
15. O-O Bh6 16. Ra3 Na6 17. Nxe6+ Kd7 18. Nexc7 Nxc7 19. Bxh6 Na6 20. Rc3 Rh8
21. Bg7 Rc8 22. Rxc8 Kxc8 23. Bxf6 Nb4 24. Nxd6+ Kd7 25. Bxe5 Nxc2 26. Rc1 Nb4
27. Nc4 Nxd3 28. Rd1 Kc6 29. Rxd3 Kc5 30. Rd4 b5 31. axb5 Kb4 32. b6 a4 33. b7
a3 34. b8=Q+ Kc5 35. Nxa3 g5 36. b4+ Kc6 37. Rd6# 1-0

[Event "Challenge"]
[Site "http://www.queenalice.com/game.php?id=875948"]
[Date "2010.12.24"]
[Round "-"]
[White "matt22"]
[Black "beto_fuentes"]
[Result "0-1"]
[WhiteElo "1288"]
[BlackElo "1276"]

1. e4 e5 2. Nf3 f6 3. Nc3 d6 4. Be2 a5 5. b3 h5 6. d4 exd4 7. Nxd4 c5 8. Nf3 f5
9. O-O fxe4 10. Nxe4 b6 11. Re1 Bf5 12. Bb5+ Ke7 13. Nxd6+ Be6 14. Nf5+ Kf7 15.
Qxd8 Ne7 16. Nd6+ Kf6 17. Bb2+ Kg6 18. Bd3+ Nf5 0-1

[Event "Challenge"]
[Site "http://www.queenalice.com/game.php?id=877569"]
[Date "2010.12.28"]
[Round "-"]
[White "TIKAR"]
[Black "beto_fuentes"]
[Result "0-1"]
[WhiteElo "1256"]
[BlackElo "1252"]

1. e4 e5 2. Qf3 Nf6 3. Bc4 d5 4. exd5 Nbd7 5. d3 a5 6. a4 Bb4+ 7. c3 Bc5 8. d4
Bd6 9. Nh3 h5 10. dxe5 Nxe5 11. Qe2 b6 12. Bg5 Bg4 13. f3 Bxh3 14. gxh3 Qe7 15.
Nd2 Nxc4 16. Nxc4 h4 17. Rg1 Bxh2 18. Rg2 Bg3+ 19. Kf1 Rh5 20. f4 Rd8 21. Ne5
Rxd5 22. Nc6 Qxe2+ 23. Rxe2+ Kd7 24. Nb8+ Kc8 25. Nc6 Rd3 26. Ne5 Rd5 27. Nxf7
Rd3 28. Bxf6 Rf3+ 29. Kg2 Rxf4 30. Re8+ Kd7 31. Re7+ Kc8 32. Ne5 Rxf6 33. Nc4 g5
34. Re8+ Kd7 35. Rg8 Rf2+ 36. Kg1 Rf4 37. Ne5+ Kd6 38. Re1 Bxe1 39. Nd3 Re4 40.
Kf1 Bd2 41. Rd8+ Kc6 42. Kf2 g4 43. Kg2 gxh3+ 44. Kxh3 Re3+ 45. Kg4 Rh7 46. Nf2
Re2 47. Kf3 Re1 48. Ne4 Bc1 49. b4 h3 50. b5+ Kb7 51. c4 h2 52. c5 h1=Q+ 53. Kf2
Rf7+ 54. Kg3 Rg1# 0-1

[Event "Challenge"]
[Site "http://www.queenalice.com/game.php?id=877674"]
[Date "2010.12.28"]
[Round "-"]
[White "Cosette"]
[Black "beto_fuentes"]
[Result "1-0"]
[WhiteElo "1430"]
[BlackElo "1281"]

1. e4 e5 2. Bc4 Nf6 3. Nf3 d6 4. Nc3 a5 5. Ng5 Be6 6. Bxe6 fxe6 7. Nxe6 Qe7 8.
Ng5 h6 9. Nh3 b6 10. Nb5 Nxe4 11. d3 Nc5 12. O-O h5 13. Bg5 Qf7 14. Bh4 g6 15.
Ng5 Qf4 16. Nxc7+ Kd7 17. Nxa8 Qxh4 18. Nf3 Qb4 19. b3 Qc3 20. d4 Bg7 21. Nxb6+
Kc6 22. Nc4 Ne4 23. d5+ Kb5 24. Re1 Nc5 25. a4+ Ka6 26. Ng5 Rf8 27. Ne4 Qb4 28.
Nexd6 e4 29. Rb1 Nb7 30. Nxe4 Nd7 31. c3 Bxc3 32. Re3 Rf4 33. d6 Nbc5 34. Qd5
Rf5 35. Qa8# 1-0

[Event "Challenge"]
[Site "http://www.queenalice.com/game.php?id=877675"]
[Date "2010.12.28"]
[Round "-"]
[White "beto_fuentes"]
[Black "Cosette"]
[Result "0-1"]
[WhiteElo "1271"]
[BlackElo "1412"]

1. d4 Nf6 2. c3 e6 3. e3 d5 4. a4 Nc6 5. h4 Na5 6. g3 Ne4 7. Qd3 Nc4 8. f3 Nxg3
9. Rh3 Nf5 10. b3 Ncd6 11. e4 Ne7 12. Ne2 dxe4 13. fxe4 a5 14. Na3 Ng6 15. h5
Ne7 16. Nf4 g5 17. e5 Ndf5 18. Qc4 Nd5 19. Nb5 gxf4 20. Bg2 Nb6 21. Qf1 Bh6 22.
Bxf4 Bg7 23. Kf2 Nd5 24. Bh2 c6 25. Na3 Nfe3 26. Qe2 Bh6 27. Rh4 Qxh4+ 28. Bg3
Qe7 29. c4 Nc7 30. Ke1 Rg8 31. Kf2 Qg5 32. Nc2 Qxg3+ 33. Kg1 Qh3 34. Nxe3 Bxe3+
35. Qxe3 Qxg2# 0-1

[Event "Challenge"]
[Site "http://www.queenalice.com/game.php?id=877676"]
[Date "2010.12.28"]
[Round "-"]
[White "Cosette"]
[Black "beto_fuentes"]
[Result "1-0"]
[WhiteElo "1465"]
[BlackElo "1271"]

1. e4 e5 2. Nf3 d6 3. Nc3 f6 4. Nd5 f5 5. exf5 Bxf5 6. Bd3 g6 7. O-O c6 8. Nc3
a6 9. Bc4 h5 10. Re1 Qe7 11. d4 exd4 12. Rxe7+ Bxe7 13. Ne2 c5 14. Qe1 Nd7 15.
c3 dxc3 16. bxc3 Nh6 17. Nf4 Kd8 18. Ne6+ Bxe6 19. Bxe6 Ke8 20. Bh3 Nf6 21. Bg5
Nf5 22. Bxf6 Rg8 23. Bxf5 Rf8 24. Qxe7# 1-0

[Event "Challenge"]
[Site "http://www.queenalice.com/game.php?id=877677"]
[Date "2010.12.28"]
[Round "-"]
[White "beto_fuentes"]
[Black "Cosette"]
[Result "0-1"]
[WhiteElo "1261"]
[BlackElo "1426"]

1. d4 Nf6 2. c3 e6 3. e3 Ne4 4. h4 Nc6 5. Qd3 d5 6. a3 Na5 7. Qb5+ Nc6 8. f3 Nd6
9. Qd3 Nf5 10. a4 Na5 11. Qb5+ Nc6 12. f4 a6 13. Qb3 Na5 14. Nf3 Nxb3 15. Ra2
Nxc1 16. Ra3 Bxa3 17. bxa3 Bd7 18. Kd1 Nb3 19. Ne5 Bxa4 20. Kc2 Nxe3+ 21. Kd3
Nf5 22. Rh3 c5 23. g4 Ne7 24. g5 c4+ 25. Ke3 f5 26. Nxc4 b5 27. Ne5 Qb6 28. Nf3
b4 29. axb4 a5 30. b5 Bxb5 31. Bxb5+ Qxb5 32. Ne5 Qa4 33. Rh1 Nc6 34. Nxc6 Qxc6
35. Rh2 Qc4 36. Rb2 Nc1 37. Rb6 Qe2# 0-1

[Event "Challenge"]
[Site "http://www.queenalice.com/game.php?id=887724"]
[Date "2011.1.18"]
[Round "-"]
[White "beto_fuentes"]
[Black "shanforchess"]
[Result "1-0"]
[WhiteElo "1268"]
[BlackElo "1300"]

1. d4 e6 2. e3 Nc6 3. Nf3 d6 4. c3 e5 5. dxe5 dxe5 6. Qxd8+ Nxd8 7. Nxe5 Be7 8.
Na3 Be6 9. Nb5 Nc6 10. Nxc6 bxc6 11. Nxc7+ Kd7 12. Nxa8 Nf6 13. Nb6+ Kc7 14. Na4
Bd7 15. Bc4 Be6 16. b3 Bxc4 17. bxc4 Ng4 18. h3 Ne5 19. c5 Nd3+ 20. Ke2 Nxc5 21.
Nxc5 Bxc5 22. a4 1-0

[Event "Challenge"]
[Site "http://www.queenalice.com/game.php?id=902177"]
[Date "2011.2.18"]
[Round "-"]
[White "beto_fuentes"]
[Black "roidechecs"]
[Result "0-1"]
[WhiteElo "1292"]
[BlackElo "1475"]

1. d4 d5 2. e3 Nc6 3. Nc3 e5 4. Bb5 Bd7 5. Nf3 exd4 6. Nxd5 Nf6 7. c4 dxe3 8.
fxe3 a6 9. Ba4 Bb4+ 10. Bd2 Bxd2+ 11. Qxd2 Nxd5 12. cxd5 Ne7 13. b3 Bxa4 14.
bxa4 O-O 15. Rb1 Qd6 16. Rxb7 Nxd5 17. h4 Qc6 18. Rb2 Rfd8 19. Nd4 Qf6 20. g3
Rd6 21. Rf1 c5 22. e4 Qxd4 23. Qxd4 cxd4 24. exd5 Rxd5 25. Rb7 d3 26. Rfxf7 h5
27. Rxg7+ Kf8 28. Rh7 Kg8 29. g4 hxg4 30. Rbg7+ Kf8 31. Rxg4 d2+ 32. Kd1 Rdd8
33. h5 Rac8 34. h6 Rc1+ 35. Ke2 Re8+ 36. Kf3 d1=Q+ 37. Kg3 Qg1+ 38. Kf4 Rc4+ 39.
Kg5 Rxg4+ 40. Kf5 Rxa4 41. Kf6 Qg8 42. Rg7 Qxg7+ 43. hxg7+ Kg8 44. Kg6 Re7 45.
Kf6 Rxg7 46. a3 Rxa3 47. Ke5 Rg6 48. Kd5 Ra5+ 49. Kc4 Rg4+ 50. Kb3 Rf5 51. Kc2
Rf3 52. Kd2 Rg2+ 53. Ke1 Ra3 54. Kf1 Rb2 55. Ke1 Ra1# 0-1

[Event "Challenge"]
[Site "http://www.queenalice.com/game.php?id=937571"]
[Date "2011.5.13"]
[Round "-"]
[White "beto_fuentes"]
[Black "roidechecs"]
[Result "0-1"]
[WhiteElo "1285"]
[BlackElo "1477"]

1. d4 d5 2. e3 Nc6 3. a4 Nf6 4. Bb5 a6 5. Be2 Qd6 6. c3 e5 7. f4 exf4 8. exf4
Bf5 9. h3 Be7 10. g4 Bxb1 11. Rxb1 Ne4 12. Ra1 Bh4+ 13. Kf1 Nf2 14. Qe1 Nxh1 15.
Qxh4 O-O 16. Bf3 Qe7 17. Qxe7 Nxe7 18. Bxh1 c6 19. Ne2 b5 20. Ng3 g6 21. b3 bxa4
22. Rxa4 f5 23. Ba3 fxg4 24. hxg4 Rf7 25. Kg2 h6 26. Rb4 Rxf4 27. Rb7 Nc8 28.
Bc1 Rxg4 29. Bxh6 Nd6 30. Rb6 Kh7 31. Be3 Ne4 32. Bf2 Nxc3 33. Rxc6 Ne2 34. Kf3
Rg5 35. Kxe2 a5 36. Rc5 a4 37. Bxd5 a3 38. Bxa8 Rxc5 39. dxc5 a2 40. Bd4 Kh6 41.
c6 Kg5 42. c7 Kf4 43. c8=Q Kxg3 44. Qg8 Kf4 45. Qf8+ Kg5 46. Qf6+ Kg4 47. Bf3+
Kh3 48. Bf2 a1=Q 49. Qh8+ Qxh8 50. b4 Qb8 51. b5 Qxb5+ 0-1

[Event "Challenge"]
[Site "http://www.queenalice.com/game.php?id=961849"]
[Date "2011.7.18"]
[Round "-"]
[White "roidechecs"]
[Black "beto_fuentes"]
[Result "1-0"]
[WhiteElo "1485"]
[BlackElo "1277"]

1. e4 e5 2. Nf3 Nf6 3. d3 d6 4. Nc3 Nc6 5. Be2 Nd4 6. Nxd4 exd4 7. Nd5 Nxd5 8.
exd5 c6 9. O-O cxd5 10. Bf3 Be6 11. Qe2 Qe7 12. Bd2 g5 13. c3 h6 14. cxd4 Bg7
15. b4 Bxd4 16. Rac1 a5 17. bxa5 Qd8 18. Bxd5 Qe7 19. Bxe6 fxe6 20. Be3 Be5 21.
d4 Bf6 22. Qb5+ Qd7 23. Qxd7+ Kxd7 24. f4 Rxa5 25. fxg5 Ra3 26. Rxf6 Rxe3 27.
gxh6 Ke7 28. Rf3 Re2 29. Rc7+ Ke8 30. Rxb7 Rxh6 31. Ra3 Re1+ 32. Kf2 Ra1 33.
Ra8# 1-0